000 00317nam a22001337a 4500
008 171025b xxu||||| |||| 00| 0 eng d
020 _a9780155029071
041 _aeng
080 _a311
100 _a55
101 _aSTA
245 _aAPPKLIED ECONOMICS PROBLEMS WIYHH DATA SETAS
_cRAY.S.C
942 _2udc
_cBK
999 _c35830
_d35830